000 00556nam a2200193Ia 4500
005 20250326141546.0
008 250326s9999 xx 000 0 und d
020 _a81-204-0221-9
037 _aTextbook
040 _aFMSL
_beng
_cFMSL
041 _aeng
_2eng
084 _aX:8:(D2) M7;1
_qFMSL
100 _aAsopa V N
_9230567
245 0 _aDevelopment and management of irrigation
_cAsopa V N And Others
260 _aNew Delhi
_bNew Delhi, Oxford
_c1987
300 _axv,413
942 _cTB
_hX:8:(D2) M7;1
999 _c1290883
_d1290883